| 000 | 01139nam0a22003011 4500 | ||
|---|---|---|---|
| 001 | rc\2304687 | ||
| 005 | 20250623044359.0 | ||
| 035 | _a(NLR Aleph) 006571421 | ||
| 090 |
_a6948884 _c6948884 |
||
| 100 | _a20110829d1977 |||y0rusy50 ca | ||
| 101 | 0 | _arus | |
| 102 | _aRU | ||
| 105 | _aa z ||||| | ||
| 200 | 1 |
_aСвойства и генезис пахотных почв _e[Сб. статей _fОтв. ред. д. с.-х. н. проф. Б.А. Никитин] |
|
| 210 |
_aГорький _cГорьк. голов. с.-х. ин-т _d1977 |
||
| 215 |
_a119 с. _cил. _d21 |
||
| 225 | 1 |
_aТруды _fГорьк. с.-х. ин-т _vТ. 110 |
|
| 300 | _aВ надзаг. также: М-во с.-х. СССР | ||
| 320 | _aБиблиогр. в конце статей | ||
| 702 | 1 |
_4340 _7ca _8rus _aНикитин _bБ. А. _cд-р с.-х. наук, агроном _f1937- _gБорис Алексеевич _9242155 _3RU\NLR\AUTH\770242211 |
|
| 801 | 0 |
_aRU _bNLR _gpsbo |
|
| 801 | 1 |
_aRU _bELAR _2rusmarc |
|
| 852 |
_aNLR _jП13/347 |
||
| 899 |
_aRuMoRGB _jIX 39/176 |
||
| 899 |
_aRuMoRGB _jIX 40/102 |
||
| 942 | _cBOOK | ||
| 980 | _aNB | ||